|
|
|
|
| LEADER |
00000cam a2200000 7i4500 |
| 001 |
0000013270 |
| 005 |
20080109.0 |
| 008 |
080109 |
| 020 |
|
|
|a 9830463427
|
| 090 |
0 |
0 |
|a 297.57082
|b HIK
|
| 245 |
1 |
0 |
|a Hikmah Kejadian Wanita
|c Susunan Khairunnisa Ghazali
|
| 260 |
|
|
|a Kuala Lumpur :
|b Darul Nu'man ,
|c 2005
|
| 650 |
|
0 |
|a Islam
|x Customs and practices
|
| 650 |
|
0 |
|a Women in Islam
|
| 700 |
0 |
|
|a Khairunnisa Ghazali
|
| 710 |
0 |
|
|a Title
|
| 999 |
|
|
|a 0000924289
|b Book
|c Adult Collection
|e Cawangan Bukit Gambir
|
| 999 |
|
|
|a 0000933309
|b Book
|c Adult Collection
|e Cawangan Tangkak
|
| 999 |
|
|
|a 0001007255
|b Book
|c Adult Collection
|e Perbadanan Perpustakaan Awam Johor
|
| 999 |
|
|
|a 0001007256
|b Book
|c Adult Collection
|e Perbadanan Perpustakaan Awam Johor
|
| 999 |
|
|
|a 0001007257
|b Book
|c Adult Collection
|e Desa - PPAJ
|
| 999 |
|
|
|a 0001007916
|b Book
|c Adult Collection
|e Perbadanan Perpustakaan Awam Johor
|
| 999 |
|
|
|a 0001007917
|b Book
|c Adult Collection
|e Perbadanan Perpustakaan Awam Johor
|
| 999 |
|
|
|a 0001007918
|b Book
|c Adult Collection
|e Cawangan Bandar Tenggara
|